Hodnotenie vyššieho odborného a bakalárskeho vzdelania pre účely odmeňovania v rozpočtových organizáciách

Uplatňovanie nariadenia vlády SR č.249/1992 Zb. o platových pomeroch zamestnancov v rozpočtových a niektorých ďalších organizáciách v znení neskorších predpisov, hlavne ustanovenia paragrafu 5 ods.4 a paragrafu 6 ods.4 písm. c. Čo je vyššie odborné a bakalárske štúdium a zaraďovanie pracovníkov s tý...

Full description

Saved in:
Bibliographic Details
Main Author: Ješinová, Rozália
Format: Book Chapter
Language:Slovak
Subjects:
Tags: Add Tag
No Tags, Be the first to tag this record!

MARC

LEADER 00000naa a2200000 4500
001 r024306
005 20221213113739.8
041 0 |a slo 
044 |a SK 
245 1 0 |a Hodnotenie vyššieho odborného a bakalárskeho vzdelania pre účely odmeňovania v rozpočtových organizáciách  |c Rozália Ješinová 
520 |a Uplatňovanie nariadenia vlády SR č.249/1992 Zb. o platových pomeroch zamestnancov v rozpočtových a niektorých ďalších organizáciách v znení neskorších predpisov, hlavne ustanovenia paragrafu 5 ods.4 a paragrafu 6 ods.4 písm. c. Čo je vyššie odborné a bakalárske štúdium a zaraďovanie pracovníkov s týmto vzdelaním do platových tried (6.-8. platová trieda). 
610 2 0 |a vzdelanie 
610 2 0 |a príjmy 
610 2 0 |a triedy tarifné 
610 2 0 |a absolventi 
610 2 0 |a vyhlášky 
610 2 0 |a zákony 
610 2 0 |a Slovensko 
610 2 0 |a 1992 
100 1 |a Ješinová, Rozália